[Event "Warsaw Elo-A"]
[Site "Warsaw"]
[Date "2008.03.07"]
[Round "10"]
[White "Nguyen, Piotr"]
[Black "Gacek, Waldemar"]
[Result "1-0"]
[WhiteElo "2269"]
[BlackElo "2093"]
[PlyCount "61"]
[EventDate "2008.01.04"]
[EventType "tourn"]
[EventRounds "13"]
[EventCountry "POL"]
[SourceTitle "EXT 2010"]
[Source "ChessBase"]
[SourceDate "2010.11.25"]
[SourceVersion "1"]
[SourceVersionDate "2010.11.25"]
[SourceQuality "1"]

1. Nf3 d5 2. d4 Nf6 3. Bf4 c6 4. e3 Bf5 5. c4 e6 6. Qb3 Qb6 7. c5 Qxb3 8. axb3 Bxb1 9. Rxb1 Nbd7 10. b4 a6 11. Ra1 Rc8 12. h3 Be7 13. Bd3 0-0 14. g4 h6 15. Ke2 g5 16. Bh2 Kg7 17. Nd2 Ne8 18. Nb3 Bd8 19. Na5 Bxa5 20. bxa5 Nc7 21. h4 Nb5 22. f4 f6 23. hxg5 hxg5 24. fxg5 fxg5 25. Bd6 Rh8 26. Be7 Nf6 27. Raf1 Nxg4 28. Rhg1 Rh2+ 29. Kf3 Rd2 30. Rxg4 Rxd3 31. Ke2 1-0

[Event "Warsaw Elo-A"]
[Site "Warsaw"]
[Date "2008.01.24"]
[Round "4"]
[White "Mokrzanowski, Andrzej"]
[Black "Gacek, Waldemar"]
[Result "0-1"]
[WhiteElo "2094"]
[BlackElo "2093"]
[PlyCount "80"]
[EventDate "2008.01.04"]
[EventType "tourn"]
[EventRounds "13"]
[EventCountry "POL"]
[SourceTitle "EXT 2010"]
[Source "ChessBase"]
[SourceDate "2010.11.25"]
[SourceVersion "1"]
[SourceVersionDate "2010.11.25"]
[SourceQuality "1"]

1. c4 c6 2. Nf3 d5 3. b3 Nf6 4. Bb2 Bf5 5. e3 h6 6. Nc3 e6 7. Be2 Bd6 8. d4 Nbd7 9. cxd5 exd5 10. 0-0 0-0 11. Re1 Ne4 12. a3 a5 13. Na2 Qe7 14. Nc1 Ng5 15. Nh4 Nh3+ 16. gxh3 Qxh4 17. Bg4 Bxh2+ 18. Kh1 Bxg4 19. Qxg4 Qxg4 20. hxg4 Bd6 21. Nd3 a4 22. Rec1 f5 23. gxf5 Rxf5 24. Rc3 Nf6 25. bxa4 Rxa4 26. Rb3 b5 27. Rc1 Rc4 28. Bc3 Ne4 29. f4 Ra4 30. Bb4 Bxb4 31. Nxb4 Nd2 32. Rd3 Nc4 33. Nxc6 Rh5+ 34. Kg2 Nxa3 35. Rc5 Nc4 36. Ne7+ Kf7 37. Nxd5 Ra2+ 38. Kf3 Rah2 39. Rxb5 R5h3+ 40. Kg4 h5+ 0-1

[Event "Warsaw YMCA Autumn 42nd"]
[Site "Warsaw"]
[Date "2007.11.21"]
[Round "9"]
[White "Gacek, Waldemar"]
[Black "Proszynski, Waldemar"]
[Result "1-0"]
[WhiteElo "2091"]
[BlackElo "2078"]
[PlyCount "109"]
[EventDate "2007.09.26"]
[EventType "tourn"]
[EventRounds "11"]
[EventCountry "POL"]
[SourceTitle "EXT 2019"]
[Source "ChessBase"]
[SourceDate "2018.10.10"]
[SourceVersion "1"]
[SourceVersionDate "2018.10.10"]
[SourceQuality "1"]

1. Nf3 d5 2. c4 c6 3. cxd5 cxd5 4. d4 Nc6 5. Nc3 Nf6 6. Bf4 e6 7. e3 Bd6 8. Bxd6 Qxd6 9. Bd3 a6 10. 0-0 0-0 11. Rc1 b5 12. Nb1 Bb7 13. Nbd2 Na5 14. Nb3 Nxb3 15. Qxb3 Rac8 16. Bb1 Rc7 17. Rxc7 Qxc7 18. Ne5 Rc8 19. Qd3 g6 20. f3 Qd6 21. Qd2 Nd7 22. Nxd7 Qxd7 23. Rc1 Rc6 24. b4 Rxc1+ 25. Qxc1 Qc6 26. Qc5 Qd7 27. g4 f6 28. Kg2 e5 29. Kg3 Kf7 30. Bc2 exd4 31. exd4 Qe7 32. Qxe7+ Kxe7 33. h4 Bc6 34. Kf4 Be8 35. g5 Ke6 36. gxf6 Kxf6 37. Bb3 Bf7 38. a4 Be6 39. a5 h6 40. Bd1 Bf5 41. Be2 Bd7 42. Bd3 Be6 43. Kg3 g5 44. hxg5+ hxg5 45. f4 gxf4+ 46. Kxf4 Bd7 47. Bc2 Bh3 48. Bb3 Be6 49. Bd1 Bh3 50. Bf3 Be6 51. Bg2 Bf7 52. Bh3 Ke7 53. Ke5 Kd8 54. Kd6 Be8 55. Be6 1-0

[Event "Warsaw YMCA Autumn 42nd"]
[Site "Warsaw"]
[Date "2007.11.09"]
[Round "7"]
[White "Gacek, Waldemar"]
[Black "Alvarado, Carlos"]
[Result "0-1"]
[WhiteElo "2091"]
[BlackElo "2191"]
[PlyCount "64"]
[EventDate "2007.09.26"]
[EventType "tourn"]
[EventRounds "11"]
[EventCountry "POL"]
[SourceTitle "EXT 2019"]
[Source "ChessBase"]
[SourceDate "2018.10.10"]
[SourceVersion "1"]
[SourceVersionDate "2018.10.10"]
[SourceQuality "1"]

1. Nf3 d5 2. c4 e6 3. cxd5 exd5 4. d4 Nf6 5. Nc3 Bb4 6. Qb3 c5 7. dxc5 Qa5 8. Bd2 Nc6 9. e3 Qxc5 10. a3 Ba5 11. Be2 0-0 12. 0-0 Bg4 13. Na4 Qe7 14. Bxa5 Nxa5 15. Qc3 b6 16. Ba6 Bxf3 17. gxf3 Nc4 18. b3 Ne5 19. Be2 Rac8 20. Qb2 Qe6 21. Kg2 Qf5 22. Rac1 Ng6 23. Rxc8 Rxc8 24. Qd4 Rc2 25. Qd3 Qg5+ 26. Kh1 Nh4 27. Rg1 Rc1 28. Bf1 Qh5 29. Qe2 Qxf3+ 30. Qxf3 Nxf3 31. Nb2 Nxg1 32. Kxg1 Rb1 0-1

[Event "Warsaw YMCA Autumn 42nd"]
[Site "Warsaw"]
[Date "2007.10.19"]
[Round "4"]
[White "Matuszewski, Michal"]
[Black "Gacek, Waldemar"]
[Result "1/2-1/2"]
[WhiteElo "2144"]
[BlackElo "2091"]
[PlyCount "69"]
[EventDate "2007.09.26"]
[EventType "tourn"]
[EventRounds "11"]
[EventCountry "POL"]
[SourceTitle "EXT 2019"]
[Source "ChessBase"]
[SourceDate "2018.10.10"]
[SourceVersion "1"]
[SourceVersionDate "2018.10.10"]
[SourceQuality "1"]

1. d4 d5 2. c4 c6 3. Nf3 Nf6 4. Nc3 dxc4 5. a4 Bf5 6. e3 e6 7. Bxc4 Bb4 8. 0-0 Nbd7 9. Qb3 a5 10. Na2 Be7 11. Re1 Qb6 12. Nc3 Qxb3 13. Bxb3 Ne4 14. Nd2 Nxd2 15. Bxd2 0-0 16. e4 Bg6 17. Bf4 Bb4 18. f3 Rfe8 19. Bg3 Kf8 20. Red1 f6 21. d5 exd5 22. exd5 Ne5 23. dxc6 bxc6 24. Ne4 Bxe4 25. fxe4 Bc5+ 26. Kh1 Rab8 27. Rac1 Rxb3 28. Rxc5 Rxb2 29. h3 Rb4 30. Rxa5 Rxe4 31. Ra7 Re7 32. Ra8+ Re8 33. Ra7 Re7 34. Ra8+ Re8 35. Ra7 1/2-1/2

[Event "Polanica Zdroj op"]
[Site "Polanica Zdroj"]
[Date "2001.08.17"]
[Round "2"]
[White "Gacek, Waldemar"]
[Black "Jedryczka, Krystian"]
[Result "0-1"]
[WhiteElo "2124"]
[BlackElo "2330"]
[PlyCount "40"]
[EventDate "2001.08.16"]
[EventType "swiss"]
[EventRounds "10"]
[EventCountry "POL"]
[SourceTitle "EXT 2002"]
[Source "ChessBase"]
[SourceDate "2001.11.25"]
[SourceVersion "1"]
[SourceVersionDate "2001.11.25"]
[SourceQuality "1"]

1. Nf3 d6 2. c4 e5 3. Nc3 f5 4. d3 Nf6 5. g3 Be7 6. Bg2 0-0 7. 0-0 c6 8. c5 Kh8 9. cxd6 Bxd6 10. a3 a5 11. Nd2 Bc7 12. Rb1 Be6 13. b4 Nd5 14. Qc2 axb4 15. axb4 Na6 16. b5 Nab4 17. Qb2 cxb5 18. Nxb5 Ra2 19. Qb3 Nf4 20. Qxb4 Nxe2+ 0-1

[Event "Polanica Zdroj op"]
[Site "Polanica Zdroj"]
[Date "2001.08.16"]
[Round "1"]
[White "Maciejewski, Miroslaw"]
[Black "Gacek, Waldemar"]
[Result "1-0"]
[WhiteElo "2350"]
[BlackElo "2124"]
[PlyCount "53"]
[EventDate "2001.08.16"]
[EventType "swiss"]
[EventRounds "10"]
[EventCountry "POL"]
[SourceTitle "EXT 2002"]
[Source "ChessBase"]
[SourceDate "2001.11.25"]
[SourceVersion "1"]
[SourceVersionDate "2001.11.25"]
[SourceQuality "1"]

1. e4 c6 2. c4 d5 3. exd5 cxd5 4. cxd5 Nf6 5. Nc3 Nxd5 6. Nf3 e6 7. d4 Bb4 8. Qc2 Nc6 9. a3 Be7 10. Bd3 Bf6 11. 0-0 h6 12. Rd1 Nxc3 13. bxc3 0-0 14. Qe2 Qa5 15. Rb1 a6 16. Nd2 Bg5 17. Nc4 Qd8 18. f4 Be7 19. Ne5 Nxe5 20. fxe5 Bg5 21. Rf1 Bxc1 22. Rbxc1 Qd5 23. Be4 Qd8 24. Bb1 f5 25. exf6 Rxf6 26. Qe4 g6 27. Qe5 1-0

[Event "POL-chT 2nd div North"]
[Site "Lublin"]
[Date "1999.??.??"]
[Round "7"]
[White "Kiersz, Ludwik"]
[Black "Gacek, Waldemar"]
[Result "1/2-1/2"]
[WhiteElo "2175"]
[BlackElo "2160"]
[PlyCount "23"]
[EventDate "1999.09.11"]
[EventType "team-swiss"]
[EventRounds "8"]
[EventCountry "POL"]
[SourceTitle "EXT 2003"]
[Source "ChessBase"]
[SourceDate "2002.11.25"]
[SourceVersion "1"]
[SourceVersionDate "2002.11.25"]
[SourceQuality "1"]
[WhiteTeam "Pultusk Nadnarwianka"]
[BlackTeam "POL-chT 2nd div North 2"]
[WhiteTeamCountry "POL"]
[BlackTeamCountry "POL"]

1. e4 c6 2. d4 d5 3. f3 e6 4. Nc3 Nf6 5. e5 Nfd7 6. f4 c5 7. Nf3 Nc6 8. Bd3 Nxd4 9. Nxd4 cxd4 10. Ne2 Nc5 11. Nxd4 Nxd3+ 12. Qxd3 1/2-1/2

[Event "POL-chT 2nd div North"]
[Site "Lublin"]
[Date "1999.??.??"]
[Round "4"]
[White "Nadkierniczny, Artur"]
[Black "Gacek, Waldemar"]
[Result "1/2-1/2"]
[WhiteElo "2060"]
[BlackElo "2160"]
[PlyCount "51"]
[EventDate "1999.09.11"]
[EventType "team-swiss"]
[EventRounds "8"]
[EventCountry "POL"]
[SourceTitle "EXT 2003"]
[Source "ChessBase"]
[SourceDate "2002.11.25"]
[SourceVersion "1"]
[SourceVersionDate "2002.11.25"]
[SourceQuality "1"]
[WhiteTeam "POL-chT 2nd div North 1"]
[BlackTeam "POL-chT 2nd div North 2"]
[WhiteTeamCountry "POL"]
[BlackTeamCountry "POL"]

1. e4 c6 2. d4 d5 3. Nc3 dxe4 4. Nxe4 Nd7 5. Nf3 Ngf6 6. Ng3 e6 7. Bd3 c5 8. 0-0 cxd4 9. Nxd4 Bc5 10. Nb3 Be7 11. Qe2 0-0 12. Rd1 Re8 13. c4 Qc7 14. Nd4 a6 15. Nf3 b6 16. b3 Bb7 17. Nd2 Qe5 18. Qxe5 Nxe5 19. Be4 Nxe4 20. Ndxe4 Rad8 21. Be3 f5 22. Nc3 Bc5 23. Bxc5 bxc5 24. Rxd8 Rxd8 25. Rd1 Rxd1+ 26. Nxd1 1/2-1/2